| 000 | 00668cam a2200181 4500 | ||
|---|---|---|---|
| 001 | ABS62383 | ||
| 008 | 000000n2000 000 0 eng u | ||
| 035 | _a(Sirsi) u106296 | ||
| 245 | _aFaculty selection: choosing the tools for the job | ||
| 260 | _c2000 | ||
| 490 |
_aCSM (Chartered Surveyor Monthly) _vMay 2000, 10-14(5) |
||
| 520 | _aLists the 16 faculties which will replace the RICS divisional structure and which RICS members are now being invited to join. For each there is a detailed description of the scope of their work and an outline of future aims | ||
| 590 | _aABS | ||
| 650 | _aRICS | ||
| 650 | _aFACULTIES | ||
| 690 | _aRICS NEWS | ||
| 942 | _n0 | ||
| 999 |
_c63660 _d63660 |
||